000 00757nam a2200253Ia 4500
003 OSt
005 20221005060152.0
006 a|||||r|||| 00| 0
007 ta
008 221004b |||||||| |||| 00| 0 eng d
020 _a9780847247353 (pbk)
_c365.16
024 _a102349
037 _b3708, 11/02/2010, Bharat Scientific Syndicate
_cTextual
040 _aCRL
_cCRL
_beng
041 _2eng
_aeng
082 _aO111,3N69,WM, P7
100 _aKelly Julia
_9443193
245 0 _aWith my lazy eye
260 _aLondon
_bQuercus
_c2007
300 _a253p.
_ccm.
650 _aENGLISH LITERATURE
942 _hO111,3N69,WM, P7
_cTEXL
_2cc
999 _c966262
_d966262